[Spotrebiteľské správanie]

Recenzovaná publikácia – vysokoškolská učebnica Spotrebiteľské správanie – reaguje na potreby podnikov, ktoré sa snažia čo najviac porozumieť spotrebiteľom a priblížiť sa im. Vďaka tomu, že táto problematika je aktuálna v praxi, je veľmi žiadané aj jej odborné a systematické spracovanie, ktoré môžem...

Descrizione completa

Salvato in:
Dettagli Bibliografici
Autore principale: Miklošík, Andrej
Natura: Capitolo di libro
Lingua:slovacco
Soggetti:
Tags: Aggiungi Tag
Nessun Tag, puoi essere il primo ad aggiungerne!!

MARC

LEADER 00000naa a2200000 4500
001 0205752
005 20240502073427.0
041 0 |a slo 
044 |a SK 
245 1 0 |a [Spotrebiteľské správanie]  |c Andrej Miklošík 
520 |a Recenzovaná publikácia – vysokoškolská učebnica Spotrebiteľské správanie – reaguje na potreby podnikov, ktoré sa snažia čo najviac porozumieť spotrebiteľom a priblížiť sa im. Vďaka tomu, že táto problematika je aktuálna v praxi, je veľmi žiadané aj jej odborné a systematické spracovanie, ktoré môžeme nájsť práve v tejto publikácii. Študenti, ktorí ju budú používať pri vysokoškolskom štúdiu, v nej nájdu cenné a hlavne aktuálne informácie o problematike; pre manažérov bude takisto cenným materiálom pri snahe zlepšiť úroveň produktu, komunikácie, zákazníckeho servisu či minimalizovať spätný tok tovarov, reklamácie a ponákupnú disonanciu. 
610 2 0 |a recenzie 
610 2 0 |a správanie spotrebiteľa 
610 2 0 |a manažéri 
610 2 0 |a marketing 
610 2 0 |a stratégia marketingová 
100 1 |a Miklošík, Andrej